Tax reform 1987 (Record no. 19455)

000 -CABECERA
campo de control de longitud fija 00760nam#a2200277#c#4500
003 - IDENTIFICADOR DEL NÚMERO DE CONTROL
campo de control IEF
005 - FECHA Y HORA DE LA ÚLTIMA TRANSACCIÓN
campo de control 20180219151900.0
008 - CÓDIGOS DE INFORMACIÓN DE LONGITUD FIJA
campo de control de longitud fija 950804suuuu uuu####fr####| 0||u| |u
040 ## - FUENTE DE LA CATALOGACIÓN
Centro catalogador de origen IEF
100 1# - PUNTO DE ACCESO PRINCIPAL - NOMBRE DE PERSONA
Nombre de persona Wilson, Michael Holcombe
9 (RLIN) 6191
245 ## - MENCIÓN DE TÍTULO
Título Tax reform 1987
300 ## - DESCRIPCIÓN FÍSICA
Extensión 10 v.
Otras características físicas gráf.
Dimensiones 27 cm.
505 0# - NOTA DE CONTENIDO CON FORMATO
Nota de contenido con formato Tax Treatment of Farm Losses
505 0# - NOTA DE CONTENIDO CON FORMATO
Nota de contenido con formato Supplementary information relating to tax reform measures
505 0# - NOTA DE CONTENIDO CON FORMATO
Nota de contenido con formato Draft income tax regulations and explanatory
505 0# - NOTA DE CONTENIDO CON FORMATO
Nota de contenido con formato Economic and fiscal cutlook
505 0# - NOTA DE CONTENIDO CON FORMATO
Nota de contenido con formato Income tax reform
505 0# - NOTA DE CONTENIDO CON FORMATO
Nota de contenido con formato Sales tax reform
505 0# - NOTA DE CONTENIDO CON FORMATO
Nota de contenido con formato White
650 #4 - PUNTO DE ACCESO ADICIONAL DE MATERIA--TÉRMINO DE MATERIA
Término de materia o nombre geográfico como elemento inicial CANADA
9 (RLIN) 33508
650 #4 - PUNTO DE ACCESO ADICIONAL DE MATERIA--TÉRMINO DE MATERIA
Término de materia o nombre geográfico como elemento inicial IMPUESTOS
9 (RLIN) 47460
650 #4 - PUNTO DE ACCESO ADICIONAL DE MATERIA--TÉRMINO DE MATERIA
Término de materia o nombre geográfico como elemento inicial REFORMA
9 (RLIN) 10750
942 ## - ELEMENTOS DE PUNTO DE ACCESO ADICIONAL (KOHA)
Tipo de ítem Koha Libros
942 ## - ELEMENTOS DE PUNTO DE ACCESO ADICIONAL (KOHA)
-- 76919
Holdings
Estado de retiro Estado de pérdida Estado dañado No para préstamo Localización permanente Fecha de adquisición Signatura topográfica completa Código de barras Fecha visto por última vez Precio válido a partir de Tipo de ítem Koha
      Disponible para préstamo IEF 1995-08-04 C 725-14161 C 725-14161 2018-02-19 2018-02-19 Libros

Powered by Koha